000
00206 a2200097 4500
020
_a
9781550742787
041
_a
eng
100
_a
Paulette Bourgeois y Brenda Clark
245
_a
Franklins Blanket
942
_c
BK
999
_c
9540
_d
9540